Normal view
MARC view
- LASER THEORY
Entry Topical Term
001 - CONTROL NUMBER
- control field: 74140
003 - CONTROL NUMBER IDENTIFIER
- control field: NUST
005 - DATE AND TIME OF LATEST TRANSACTION
- control field: 20210628205136.0
008 - FIXED-LENGTH DATA ELEMENTS
- fixed length control field: 210628|| aca||aabn | a|a d
040 ## - CATALOGING SOURCE
- Original cataloging agency: NUST
- Transcribing agency: NUST
150 ## - HEADING--TOPICAL TERM
- Topical term or geographic name entry element: LASER THEORY
670 ## - SOURCE DATA FOUND
- Source citation: Work cat.: (NUST): KAKEN, HERMANN 74139, LASER THEORY CORRECTED PRINTING WITH 72 FIGURES, 1984
